ARRUPE JESUIT UNIVERSITY

CORONAVIRUS -STOP THE SPREAD - CLEAN,DISINFECT,COVER

The wizard of the Nile : (Record no. 131346)

MARC details
000 -LEADER
fixed length control field 01546cam a2200397 a 4500
001 - CONTROL NUMBER
control field 15349002
003 - CONTROL NUMBER IDENTIFIER
control field ARRUPE
005 - DATE AND TIME OF LATEST TRANSACTION
control field 20220505090949.0
008 - FIXED-LENGTH DATA ELEMENTS--GENERAL INFORMATION
fixed length control field 080630s2009 mauab b 000 0beng
010 ## - LIBRARY OF CONGRESS CONTROL NUMBER
LC control number 2008028420
020 ## - INTERNATIONAL STANDARD BOOK NUMBER
International Standard Book Number 9781566567367 (pbk.)
020 ## - INTERNATIONAL STANDARD BOOK NUMBER
International Standard Book Number 156656736X (pbk.)
035 ## - SYSTEM CONTROL NUMBER
System control number (OCoLC)ocn233283711
035 ## - SYSTEM CONTROL NUMBER
System control number (OCoLC)233283711
Canceled/invalid control number (OCoLC)233026156
040 ## - CATALOGING SOURCE
Original cataloging agency DLC
Transcribing agency DLC
Modifying agency YDXCP
-- C#P
-- BWX
-- BAKER
-- DLC
043 ## - GEOGRAPHIC AREA CODE
Geographic area code f-ug---
-- f-sj---
050 00 - LIBRARY OF CONGRESS CALL NUMBER
Classification number DT433.287.K66
Item number G74 2009
082 00 - DEWEY DECIMAL CLASSIFICATION NUMBER
Classification number 967.6104/4092
-- B
Edition number 22
300 ## - PHYSICAL DESCRIPTION
Other physical details ill., maps ;
Dimensions 23 cm.
100 1# - MAIN ENTRY--PERSONAL NAME
Personal name Green, Matthew,
Dates associated with a name 1975-
9 (RLIN) 10148
245 14 - TITLE STATEMENT
Title The wizard of the Nile :
Remainder of title the hunt for Africa's most wanted /
Statement of responsibility, etc Matthew Green.
250 ## - EDITION STATEMENT
Edition statement 1st American ed.
260 ## - PUBLICATION, DISTRIBUTION, ETC. (IMPRINT)
Place of publication, distribution, etc Northampton, Mass. :
Name of publisher, distributor, etc Olive Branch Press,
Date of publication, distribution, etc 2009.
300 ## - PHYSICAL DESCRIPTION
Extent xiii, 333 p. :
504 ## - BIBLIOGRAPHY, ETC. NOTE
Bibliography, etc Includes bibliographical references (p. 323-328).
600 10 - SUBJECT ADDED ENTRY--PERSONAL NAME
Personal name Kony, Joseph.
9 (RLIN) 10149
610 20 - SUBJECT ADDED ENTRY--CORPORATE NAME
Corporate name or jurisdiction name as entry element Lord's Resistance Army.
9 (RLIN) 10150
650 #0 - SUBJECT ADDED ENTRY--TOPICAL TERM
Topical term or geographic name as entry element Insurgency
Geographic subdivision Uganda.
9 (RLIN) 10151
650 #0 - SUBJECT ADDED ENTRY--TOPICAL TERM
Topical term or geographic name as entry element Acholi (African people)
General subdivision Religion.
651 #0 - SUBJECT ADDED ENTRY--GEOGRAPHIC NAME
Geographic name Uganda
General subdivision History
Chronological subdivision 1979-
9 (RLIN) 10153
651 #0 - SUBJECT ADDED ENTRY--GEOGRAPHIC NAME
Geographic name Uganda
General subdivision Politics and government
Chronological subdivision 1979-
651 #0 - SUBJECT ADDED ENTRY--GEOGRAPHIC NAME
Geographic name Sudan
General subdivision Politics and government
Chronological subdivision 1985-
9 (RLIN) 10155
856 41 - ELECTRONIC LOCATION AND ACCESS
Materials specified Table of contents only
Uniform Resource Identifier <a href="http://www.loc.gov/catdir/toc/ecip0822/2008028420.html">http://www.loc.gov/catdir/toc/ecip0822/2008028420.html</a>
906 ## - LOCAL DATA ELEMENT F, LDF (RLIN)
a 7
b cbc
c orignew
d 1
e ecip
f 20
g y-gencatlg
942 ## - ADDED ENTRY ELEMENTS (KOHA)
Source of classification or shelving scheme Library of Congress Classification
Koha item type Monograph ( Printed materials)
Holdings
Withdrawn status Lost status Source of classification or shelving scheme Damaged status Not for loan Collection code Home library Current library Shelving location Date acquired Total Checkouts Full call number Barcode Date last seen Price effective from Koha item type
    Library of Congress Classification     Main Collection ARRUPE LIBRARY ARRUPE LIBRARY Main Collection 05/05/2022   DT433.287.K66 G74 2009 46600008043 05/05/2022 05/05/2022 Monograph ( Printed materials)

 

Arrupe Library. PO Box MP320 Mt Pleasant, Harare, Zimbabwe
263 242 745411|librarian@aju.ac.zw